000 01733cam a22004094a 4500
001 data
005 20260322212105.0
008 data
035 _a12548541
906 _a7
_bcbc
_corignew
_d1
_eocip
_f20
_gy-gencatlg
925 0 _aacquire
_b1 shelf copy
_xpolicy default
955 _djc15 2001-10-05 rec'd by jc03 2001-10-09
_ejc03 2001-10-10 to Dewey
010 _a 2001052327
020 _a0192631551
_qpbk. : alk. paper
020 _a9780192631558
_q(pbk. : alk. paper)
035 _a(DNLM)101129047
040 _aDNLM/DLC
_cDLC
_dDLC
042 _apcc
050 0 0 _aRA650
_b.B48 2002
060 1 0 _aWA 105
_bB575c 2002
082 0 0 _a614.4
_221
100 1 _aBhopal, Raj S.
245 1 0 _aConcepts of epidemiology :
_ban integrated introduction to the ideas, theories, principles, and methods of epidemiology /
_cRaj S. Bhopal.
260 _aNew York :
_aNew York :
_bOxford University Press,
_c2002.
300 _axxviii, 317 p. :
_bill., maps ;
_c24 cm.
336 _atext
_btxt
_2rdacontent
337 _aunmediated
_bn
_2rdamedia
338 _avolume
_bnc
_2rdacarrier
504 _aIncludes bibliographical references (p. [297]-309) and index.
650 0 _aEpidemiology.
650 1 2 _aEpidemiology.
856 4 1 _3Table of contents only
_uhttp://www.loc.gov/catdir/enhancements/fy0611/2001052327-t.html
856 4 2 _3Publisher description
_uhttp://www.loc.gov/catdir/enhancements/fy0611/2001052327-d.html
985 _aNLMCIP
_d2001-10-04
999 _c1537
_d1537